1748 1266 1631 1248 1018 1012 1787 1046 1916 1567 1231 1341 1951 1970 1921 1200 1536 1554 1042 1502 1160 1045 1112 1957 1104 1567 1769 1710 1150 1325 1341 1741 1993 1042 1097 1096 1059 1204 1233 1200 1685 1673 1674 1173 1060 1897 1024 1278 1932 1052 1867 1286 1289 1098 1651 1859 1065 1789 1914 1564 1461 1375 1097 1502 1975 1057 1703 1767 1833 1514 1163 1820 1905 1969 1571 1792 1993 1517 1822 1118 1574 1638 1519 1268 1269 1836 1156 1662 1264 1880 1162 1868 1840 1245 1404 1457 1539 1254 1499 BCNSPRNW ULIB Ver.6.0+V

เปลี่ยนเป็นภาษาไทย

Change to English
 แสดงรายละเอียดบรรณานุกรม
  กลับหน้าหลัก

Brief Record : Get Marc (ISO 2709) : E-mail record : QR code < ปิดหน้าต่าง
LEADER : 00000nam 2200000uu 4500
001    13399115210
003     ULIB
008    120730s2552||||th 000 0 tha d
020    ^a9786167047126
060 04 ^aWF145^bท116ก 2552
100 1  ^aทนันชัย บุญบูรพงศ์
245 10 ^aการบำบัดระบบหายใจในเวชปฏิบัติ :^bRespiratory care inclinical practice /^cทนันชัย บุญบูรพงศ์
246 31 ^aRespiratory care in clinical practice
250    ^aพิมพ์ครั้งที่ 1
260    ^a[กรุงเทพฯ] :^bภาควิชาวิสัญญีวิทยา คณะแพทยศาสตร์โรงพยาบาลรามาธิบดี มหาวิทยาลัยมหิดล,^c2552
300    ^a[4], 522 หน้า. :^bมีภาพประกอบ. ;^c27 ซม.
650  2 ^aระบบหายใจ^xการรักษา
650  2 ^aRespiratory Care^xtherapy
650  7 ^aระบบหายใจ
650  7 ^aRespiratory Care
710 2  ^aมหาวิทยาลัยมหิดล. ^bคณะแพทยศาสตร์โรงพยาบาลรามาธิบดี.^bภาควิชาวิสัญญีวิทยา
945    ^p0^l0^i16830
945    ^p0^l0^i16829
945    ^p0^l0^i16828
945    ^p0^l0^i16629
995    ^aกัณชพร
999    ^aใช้งานได้ทุกระบบ
รายการนี้ยังไม่มีแท็ก
คุณยังไม่ได้ล็อกอิน คุณสามารถมีกิจกรรมร่วมกับเว็บไซต์ได้ แต่ต้องล็อกอินก่อน ::
  ล็อกอิน

รายการสื่อสารสนเทศ

ลำดับที่ ประเภท เลขเรียก/บาร์โค้ด สถานที่ สถานะ
- ไม่พบข้อมูล -

รายการใกล้เคียง
    ผู้แต่ง [ทนันชัย บุญบูรพงศ์]

    หัวเรื่อง [ระบบหายใจ]
    หัวเรื่อง [Respiratory Care]

BibComment


ยังไม่เคยถูกคอมเมนท์

คอมเมนท์ทรัพยากรรายการนี้
  คอมเมนท์: การบำบัดระบบหายใ..


 Copyright 2026. Bcnsprnw @Library